000 00257nam a22001217a 4500
003 SGT
082 _a616.5
_bM09F
100 _aFARRAR, JEREMY
245 _aMANSON'S TROPICAL DISEASES
260 _aUS
_bELSEVIER
_c2009
300 _a1337
942 _2ddc
_cBK
999 _c14869
_d14869